Normal view MARC view

Entry Personal Name

Number of records used in: 1

001 - CONTROL NUMBER

  • control field: 5664

003 - CONTROL NUMBER IDENTIFIER

  • control field: OSt

005 - DATE AND TIME OF LATEST TRANSACTION

  • control field: 20150907133516.0

008 - FIXED-LENGTH DATA ELEMENTS

  • fixed length control field: 150907|| aca||aabn | a|a d

040 ## - CATALOGING SOURCE

  • Original cataloging agency: OSt
  • Transcribing agency: OSt

100 ## - HEADING--PERSONAL NAME

  • Personal name: editor Watson, Tim

670 ## - SOURCE DATA FOUND

  • Source citation: Work cat.: (OSt): editor Watson, Tim, Electrotherapy:, 2005